Science Quiz

Random Science or Astronomy Quiz
Score 0/10 Timer 05:00
8 Plays Today
Hint Answer % Correct
Number from the sun
A) 3rd B) 4th C) 2nd D) 1st
???
90.8%
Greek Name
A) Artemis B) Hestia C) Aphrodite D) Demeter
???
88.5%
Type of planet
A) Asteroidical B) Terrestrial C) Gaseous D) Lunar
???
83.4%
Demonym
A) Venusian B) Venetian C) Venuran D) Venosaur
???
80.1%
Number of naturally orbiting satellites
A)1 B) 3 C) 2 D) 0
???
74.1%
Approximate mass ratio compared to Earth
A) 0.815 B) 0.622 C) 0.105 D) 0.324
???
70.3%
Name of the latest successfully-landing probe
A) Kosmos 359 B) Vega 2 C) Venera 14 D) Zond 1
???
57.7%
Most abundant gas in the atmosphere
A) Nitrogen B) Carbon Dioxide C) Oxygen D) Sulphur Dioxide
???
53.8%
Largest crater
A) Addams Crater B) Aglaonice Crater C) Danilova Crater D) Mead Crater
???
51.6%
Year of first flyby by a probe
A) 1959 B) 1967 C) 1975 D) 1962
???
49.4%
Remove Ads.
Support Sporcle.
Get the best of Sporcle when you Go Orange. This ad-free experience offers more features, more stats, and more fun while also helping to support Sporcle. Thank you for becoming a member.

You're not logged in!

Compare scores with friends on all Sporcle quizzes.
OR
Log In

Show Comments

Extras

Top Quizzes Today


Score Distribution

Your Account Isn't Verified!

In order to create a playlist on Sporcle, you need to verify the email address you used during registration. Go to your Sporcle Settings to finish the process.

Report this User

Report this user for behavior that violates our Community Guidelines.

Details: